000 00400nam a2200157 4500
999 _c510130
_d510130
008 190728b ||||| |||| 00| 0 eng d
100 _aMaitra, Sudeshna
_97486
245 _aFemale headship and stated son preference
260 _c2019
300 _ap.61-78.
650 _aHouseholds
_97487
650 _aSex roles
_97488
773 _aMan and Development
906 _aWomen
942 _2ddc
_cAR